Cuentos completos
-д хадгалсан:
| Үндсэн зохиолч: | |
|---|---|
| Формат: | Ном |
| Хэл сонгох: | испани |
| Хэвлэсэн: |
Barcelona
Alba
2010
|
| Хэвлэл: | 3a. ed |
| Цуврал: | Clásica Maior, 5
|
| Нөхцлүүд: | |
| Шошгууд: |
Шошго нэмэх
Шошго байхгүй, Энэхүү баримтыг шошголох эхний хүн болох!
|
MARC
| LEADER | 00000cam a2200000 a 4500 | ||
|---|---|---|---|
| 001 | UCF2089 | ||
| 003 | CL-VaPUC | ||
| 008 | 120810e20100000SP |||||||||||||||||spa|d | ||
| 020 | |a 9788489846944 | ||
| 082 | 0 | 4 | |a 823 |b MAN |2 21 |
| 100 | |a Mansfield, Katherine |e autora |9 317812 | ||
| 245 | 1 | 0 | |a Cuentos completos |
| 250 | |a 3a. ed | ||
| 300 | |a 776 p | ||
| 942 | |c BK | ||
| 945 | |d 20120810 00:00:00 |a cmena | ||
| 260 | |a Barcelona |b Alba |c 2010 | ||
| 650 | 0 | |a Cuentos ingleses |9 265135 | |
| 650 | 0 | |a Literatura inglesa |9 312907 | |
| 583 | |a last modification |c 20120810 11:35:00 |k Rodrigo Vera | ||
| 490 | 0 | |a Clásica Maior, 5 | |
| 999 | |c 348748 |d 348746 | ||
| 952 | |0 0 |1 0 |4 0 |6 823_000000000000000_MAN_2010 |7 0 |8 A |9 450906 |a BIBING |b BIBING |d 2019-11-22 |i 4884043 |o 823 MAN 2010 |p 4884043 |r 2025-01-20 |w 2019-11-22 |y BK |k CUI | ||